Are you an American? - Statistics

General Stats
  • This quiz has been taken 16 times
  • The average score is 15 of 20
Answer Stats
Question Answer % Correct
#4. What is the largest state in America? Alaska
100%
#9. What is the national bird of America? Bald Eagle
100%
#2. What is the country that is north of America? Canada
100%
#7. Who is the current president of America? Donald Trump
100%
#6. Who is the first president of America? George Washington
100%
#1. What is the capital of America? Washington D.C.
100%
#16. How many states are there in America? 50
93%
#13. In which city in America that you can find the Hollywood sign? Los Angeles
93%
#8. What political party does the president represent for above? Republican
93%
#14. In which year did America gained independence from the UK? 1776
86%
#5. Name the capital city of the state above. Juneau
86%
#14. In which city in America that you can find the Golden Gate Bridge? San Francisco
86%
#3. What is the largest city in America? New York City
79%
#11. In which state in America that you can find the Mount Rushmore? South Dakota
79%
#10. In which city in America that you can find the Libery Bell? Philadelphia
71%
#20. Who wrote the declaration of independence? Thomas Jefferson
71%
#17.Which year did the USA's constitution was written? 1789
43%
#15. What is the unofficial dessert of America? Apple Pie
43%
#18. Who wrote the paper above? James Madison
21%
#19. In which month & day was the declaration of independence signed? August 2
0%
No matching quizzes found
Score Distribution
Percent of People with Each Score
Percentile by Number Answered
Your Score History
You have not taken this quiz